00593 a2200181 4500003000400000005001700004008004100021040000900062082001800071100002600089245004500115250001200160260004200172300000900214942004200223952012900265999001700394OSt20240205122554.0240205b |||||||| |||| 00| 0 eng d coclc a582.16bMEL/M aMelattur, Gifu910380 aMarangal kandalkkadukal /cGifu Melattur a1st ed. aKOZHIKODE:bOLIVE PUBLICATION,c2017. a66P. 2ddccBKh582.16iMEL/Kk582.16mMEL/K 00102ddc40708NFICaMESbMEScMALd2024-02-05l0o582.16 MEL/Mp45132r2024-02-05 12:26:30v60.00w2024-02-05yBKzGR17R2 c44283d44283